000 00375nam a22001217a 4500
999 _c2628
_d2628
008 200312b ||||| |||| 00| 0 eng d
100 _92220
_aBoyle, Godfrey
245 1 0 _aRenewable energy:power for a sustainable future
_c by Godfrey Boyle (Ed.).
260 _aOxford:
_bOxford University Press,
_c2004.
300 _axi,452p.
650 0 _aRenewable Energy Sources
942 _cBK